Galería de igualadinos ilustres / Antonio Carner
Publicado:
San Jorge, núm. 74 (2n trimestre 1969), pàg 51 :
MARC
| LEADER | 00000nam a2200000Ia 4500 | ||
|---|---|---|---|
| 001 | |||
| 008 | 160829s9999 xx 000 0 cat d | ||
| 100 | |a Carner i Borràs, Antoni |9 29403 | ||
| 245 | |a Galería de igualadinos ilustres / Antonio Carner | ||
| 260 | |a San Jorge, núm. 74 (2n trimestre 1969), pàg 51 | ||
| 600 | 1 | 0 | |a Vives i Vich, Pere, |d 1858-1938 |9 56474 |
| 650 | |a Franch Estalella, Antonio |9 40158 | ||
| 650 | |a Juan Franquesa, Martín I |9 40160 | ||
| 650 | |a Pujadas y Mayans, Antonio |9 40161 | ||
| 650 | |a Igualadins |9 40162 | ||
| 901 | |a Arxiu | ||
| 942 | |n 1 | ||
| 952 | |0 0 |1 0 |4 0 |7 1 |9 49454 |a Arxiu |b Arxiu |d 2016-12-01 |l 0 |r 2016-12-01 00:00:00 |w 2016-12-01 |y ARXIU | ||
| 999 | |c 53296 |d 53296 | ||